| 000 | 00940nam a22002771i 4500 | ||
|---|---|---|---|
| 003 | EG-ScBUE | ||
| 005 | 20230226032726.0 | ||
| 008 | 150615t2011 cauc f 000 0 eng d | ||
| 020 | _a9781560101574 | ||
| 040 |
_aEG-ScBUE _beng _erda _cEG-ScBUE _dEG-ScBUE |
||
| 082 | 0 | 4 |
_a743.836 _bPOW _222 |
| 100 | 1 |
_aPowell, William F. _c(Artist) _eauthor. _937928 |
|
| 245 | 1 | 0 |
_aLandscapes : _bLearn to draw step by step / _cby William F. Powell. |
| 264 | 1 |
_aIrvine, CA : _bWalter Foster Publication, _c2011. |
|
| 300 |
_a31 pages : _billustrations (some color) ; _c35 cm. |
||
| 336 |
_2rdacontent _atext _btxt |
||
| 337 |
_2rdamedia _aunmediated _bn |
||
| 338 |
_2rdacarrier _avolume _bnc |
||
| 490 | 0 |
_aDrawing. _aHow to Draw & Paint ; _vHT258 |
|
| 650 | 7 |
_aLandscape drawing _xTechnique. _2BUEsh |
|
| 650 | 7 |
_aDrawing _xTechnique. _2BUEsh |
|
| 651 | _2BUEsh | ||
| 653 |
_bCOMAME _cJune2015 _cFebruary2016 |
||
| 655 | _vReading book | ||
| 942 |
_2ddc _cBB |
||
| 999 |
_c19670 _d19642 |
||